000 00351nam a2200145Ia 4500
008 220216s9999 xx 000 0 und d
100 _aKawahara Seiichi
245 0 _aNano-matrix structure formed for NR
260 _bRubber World
_c2007
300 _a26-31
650 _aNano-matrix
650 _aNR
700 _aYamamoto Yoshimasa
942 _cJS
999 _c63401
_d63401